According to Netflix: Kids' TV Quiz Stats

Quiz Updated Dec 2, 2015

Challenge
Share
Tweet
Embed
Score 0/30 Timer 06:00
1 Play Today
% Correct
SpongeBob SquarePants
98.7%
Star Wars: The Clone Wars
96.2%
Sabrina, the Animated Series
91.1%
Curious George
87.4%
Pound Puppies
85.8%
The Magic School Bus
85.1%
Clifford
84.1%
Sofia the First
84%
The Powerpuff Girls
84%
Phineas and Ferb
83.6%
Dexter's Laboratory
83.2%
Samurai Jack
83.1%
Dragon Tales
82.8%
Courage the Cowardly Dog
82.5%
Rugrats
82.1%
% Correct
Bill Nye the Science Guy
81.8%
Inspector Gadget
81.6%
Scooby-Doo!: Mystery Incorporated
80.6%
Arthur
80.5%
Teletubbies
80.2%
The Super Mario Bros. Super Show!
78.9%
Sesame Street: Classics
78.9%
Totally Spies!
78%
Johnny Bravo
75.8%
Jessie
75.8%
Adventure Time
75.1%
H2O: Just Add Water
73.6%
Goosebumps
72.3%
Pee-Wee's Playhouse
70.6%
Dragons: Race to the Edge
69.4%

You're not logged in!

Compare scores with friends on all Sporcle quizzes.
Sign Up with Email
OR
Log In

You Might Also Like...

Show Comments

Extras

Top Quizzes Today


Score Distribution

Your Account Isn't Verified!

In order to create a playlist on Sporcle, you need to verify the email address you used during registration. Go to your Sporcle Settings to finish the process.